000 00487cam a2200181 a 4500
020 _a0805301356
040 _cDLC
082 0 0 _a512 BEN 1981 A030 Or.
_a512.9/42
245 0 0 _aQuadratic equations and curves /
250 _a2nd ed.
260 _aMenlo Park, Calif. :
_bBenjamin/Cummings Pub. Co.,
_cc1981.
300 _axii, 144 p. :
_bill. ;
_c24 cm.
500 _aIncludes index.
650 0 _aEquations, Quadratic.
650 0 _aAlgebra
700 1 _aAblon, Leon J.
942 _cEK
999 _c11630
_d11630